[Event "22nd OIBM 2018"]
[Site "Gmund am Tegernsee"]
[Date "2018.10.29"]
[Round "3"]
[White "Dietzsch, Herbert"]
[Black "Tonndorf, Matthias"]
[Result "0-1"]
[WhiteElo "2076"]
[BlackElo "2216"]
[Annotator "TA"]
[PlyCount "42"]
[EventDate "2018.10.27"]
[EventType "swiss"]
[EventCountry "GER"]
[SourceTitle "playchess.com"]
[Source "ChessBase"]
[SourceQuality "1"]

{[%evp 23,42,7,47,-127,-86,-123,-88,-89,-75,-122,-123,-136,-106,-114,-101,-106,-95,-96,-83,-141,-149]} 1. e4 c5 2. Nf3 e6 3. d4 cxd4 4. Nxd4 Nc6 5. Nc3 Qc7 6. Be2 Nf6 7. a3 a6 8. Be3 b5 9. Nxc6 dxc6 10. O-O e5 {B49: Sicilian: Taimanov: 5 Nc3 Qc7 6 Be3 a6 7 Be2} (10... Bb7 11. f4 c5 12. Bf3 Rd8 13. Qe2 Be7 14. e5 Bxf3 15. Rxf3 Nd7 16. Ne4 Nb6 17. Qf2 Rd5 18. b4 Nd7 19. Nc3 {0-1 (48) Vovk,A (2546)-Inarkiev,E (2667) Warsaw 2010}) 11. f4 Bd6 12. f5 Bb7 {LiveBook: 8 Games. The position is equal.} 13. b4 $146 {[#]} (13. Qe1 $14 {keeps the upper hand.}) ({Predecessor:} 13. Bf3 Qe7 14. Bg5 Bc5+ 15. Kh1 Qc7 16. Qe1 Nd7 17. Qg3 f6 {1-0 (26) Gurevich,D (2461)-Svoboda,S (2453) Olomouc 2016}) 13... Be7 14. Bf3 h6 15. Qe1 c5 16. Rb1 cxb4 17. axb4 Rc8 18. Rb3 O-O 19. Kh1 Bxb4 20. Nxb5 axb5 21. Qxb4 (21. Rxb4 $142 Qxc2 22. Qg3) 21... Qxc2 0-1

[Event "22nd OIBM 2018"]
[Site "Gmund am Tegernsee"]
[Date "2018.10.29"]
[Round "3"]
[White "Jimenez De La Torre, Jose A."]
[Black "Pieper, Thomas"]
[Result "1/2-1/2"]
[WhiteElo "2076"]
[BlackElo "2213"]
[Annotator "TA"]
[PlyCount "42"]
[EventDate "2018.10.27"]
[EventType "swiss"]
[EventCountry "GER"]
[SourceTitle "playchess.com"]
[Source "ChessBase"]
[SourceQuality "1"]

{[%evp 21,42,20,61,-31,-33,-30,0,0,0,0,570,39,68,77,135,143,181,177,169,134,189,131,287]} 1. e4 e5 2. Bc4 Nf6 3. d4 exd4 4. Nf3 Nc6 5. O-O Bc5 6. e5 d5 7. exf6 dxc4 8. Re1+ Be6 9. fxg7 Rg8 10. Bg5 Be7 11. Bxe7 Kxe7 {LiveBook: 28 Games} 12. Qd2 {C56: Two Knights: 4 d4 exd4 5 0-0 Nxe4} ({Better is} 12. Re4 $14) (12. Re4 d3 13. Na3 Qd5 14. Rxc4 Rxg7 15. Qxd3 Qxd3 16. cxd3 Bxc4 17. Nxc4 Rd8 18. Re1+ Kf8 19. Re3 f6 {0-1 (40) Jones,G (2556)-Bruzon Batista,L (2641) ICC INT 2010}) 12... Rxg7 $15 13. Qh6 Kf8 $146 ({Predecessor:} 13... Rg6 14. Qh4+ Kd7 15. Ne5+ Nxe5 16. Qxd4+ Kc6 17. Qxe5 Bd5 18. g3 Qh4 19. Qf5 Rag8 20. Nc3 Rxg3+ {0-1 (20) Sammour Hasbun,J (2270)-Kreiman,B (2400) New York 1993}) 14. Nbd2 {The position is equal.} Qd5 15. Ne4 {Strongly threatening Kh1.} Qf5 $2 {[%mdl 8192] [#]} (15... Bf5 $11 16. Qf4 Rg4 17. Qh6+ Rg7) 16. Ng3 $2 ({White must play} 16. Nh4 $1 $18 {[%cal Rh4f5]} Qb5 17. Nf6) 16... Qg6 $14 17. Qf4 $36 {[%mdl 2048] White is really pushing.} Bd5 (17... Rd8 $142) 18. Nxd4 $16 {Hoping for Ndf5.White is clearly better.} Nxd4 19. Qxd4 c6 20. Re2 h5 (20... b5 $16 21. a4 (21. Rae1 f6 $16) 21... bxa4) 21. Rae1 ({White should play} 21. f3 $18) 21... Kg8 $2 {[%mdl 32768] Precision: White = 34%, Black = 20%. . An unexpected result.} (21... f6 $16 22. f3 b5) 1/2-1/2

[Event "22nd OIBM 2018"]
[Site "Gmund am Tegernsee"]
[Date "2018.10.29"]
[Round "3"]
[White "Kugelmann, Werner"]
[Black "Moeldner, Juergen"]
[Result "1/2-1/2"]
[WhiteElo "2072"]
[BlackElo "2209"]
[Annotator "TA"]
[PlyCount "47"]
[EventDate "2018.10.27"]
[EventType "swiss"]
[EventCountry "GER"]
[SourceTitle "playchess.com"]
[Source "ChessBase"]
[SourceQuality "1"]

{[%evp 31,47,43,43,33,55,62,90,90,114,116,121,97,108,126,116,104,106,97]} 1. e4 e6 2. d4 d5 3. Nd2 Nf6 4. e5 Nfd7 5. Bd3 c5 6. c3 Nc6 7. Ne2 cxd4 8. cxd4 f6 9. exf6 Nxf6 10. O-O Bd6 11. Nf3 Qc7 12. Nc3 a6 13. Bg5 O-O 14. Bh4 g6 15. Bg3 Nh5 {C06: Französische Verteidigung (Tarrasch-Variante)} (15... Bxg3 16. hxg3 Qg7 17. Qd2 Ng4 18. Bc2 Bd7 19. Na4 Rxf3 20. gxf3 Nxd4 21. Kg2 Nh2 22. Rh1 Nhxf3 23. Qd1 {0-1 (40) Lawson,E (2367)-Rodriguez Vila,A (2523) Buenos Aires 2005}) 16. Bxd6 Qxd6 {LiveBook: 3 Partien} 17. Re1 Qb4 {Weiß steht etwas besser.} 18. a3 Qb6 $146 ({Vorgänger:} 18... Qd6 19. g3 Bd7 20. Bf1 Rf6 21. Ne5 Raf8 22. Ng4 Rf4 23. gxf4 Qxf4 24. Bg2 Nxd4 25. Ne2 Qxg4 26. Qxd4 Nf4 27. Nxf4 Rxf4 28. Qe5 {1-0 (28) Lumongdong,L (2005)-Riofrio,M Novi Sad 1990}) 19. Bf1 {Weiß steht besser.} Bd7 {[#]} 20. Na4 $1 {[%cal Ra4b6]} Qc7 21. Rc1 Rf6 22. Nc5 Raf8 23. Rc3 Bc8 24. Nd3 1/2-1/2

[Event "22nd OIBM 2018"]
[Site "Gmund am Tegernsee"]
[Date "2018.10.29"]
[Round "3"]
[White "Burchert, Wolfgang"]
[Black "Raupp, Thomas"]
[Result "1-0"]
[WhiteElo "2057"]
[BlackElo "2291"]
[Annotator "NA"]
[PlyCount "51"]
[EventDate "2018.10.27"]
[EventType "swiss"]
[EventCountry "GER"]
[SourceTitle "playchess.com"]
[Source "ChessBase"]
[SourceQuality "1"]
[TimeControl "40/5400+30:1800+30"]

1. e4 {[%emt 0:00:00]} c5 {[%emt 0:00:00]} 2. Nf3 {[%emt 0:00:00]} Nc6 {[%emt 0:00:30]} 3. d4 {[%emt 0:00:07]} cxd4 {[%emt 0:00:06]} 4. Nxd4 {[%emt 0:00:06]} e5 {[%emt 0:00:18]} 5. Nb5 {[%emt 0:00:58]} d6 {[%emt 0:00:06]} 6. N1c3 {[%emt 0:01:22]} a6 {[%emt 0:00:08]} 7. Na3 {[%emt 0:00:05]} Be7 {[%emt 0:00:24]} 8. Nc4 {[%emt 0:01:09]} b5 {[%emt 0:00:34]} 9. Ne3 {[%emt 0:00:07]} Nf6 {[%emt 0:00:30]} 10. g3 {[%emt 0:01:53]} O-O {[%emt 0:03:42]} 11. Bg2 {[%emt 0:00:07]} b4 {[%emt 0:00:31]} 12. Ncd5 {[%emt 0:00:26]} Nxd5 {[%emt 0:00:12]} 13. Nxd5 {[%emt 0:00:35]} Bg5 {[%emt 0:01:26]} 14. Bxg5 {[%emt 0:02:38]} Qxg5 {[%emt 0:00:52]} 15. O-O {[%emt 0:00:24]} Rb8 {[%emt 0:03:12]} 16. Qd3 {[%emt 0:08:40]} a5 {[%emt 0:03:16]} 17. Rad1 {[%emt 0:08:58]} Qd8 {[%emt 0:56:11]} 18. Kh1 {[%emt 0:11:24]} Be6 {[%emt 0:00:15]} 19. Ne3 {[%emt 0:01:58]} Qb6 {[%emt 0:02:02]} 20. f4 {[%emt 0:08:18]} exf4 {[%emt 0:06:15]} 21. gxf4 {[%emt 0:00:15]} Rfd8 {[%emt 0:04:21]} 22. Rg1 {[%emt 0:13:56]} Qc5 {[%emt 0:04:31]} 23. Bf3 {[%emt 0:04:00]} g6 {[%emt 0:05:12]} 24. Rg5 Qb6 25. Nd5 {[%emt 0:10:41]} h6 {[%emt 0:02:36]} 26. Ra1 1-0

[Event "22nd OIBM 2018"]
[Site "Gmund am Tegernsee"]
[Date "2018.10.29"]
[Round "3"]
[White "Wuest, Klaus"]
[Black "Schuster, Karsten"]
[Result "1/2-1/2"]
[WhiteElo "2006"]
[BlackElo "2283"]
[Annotator "TA"]
[PlyCount "98"]
[EventDate "2018.10.27"]
[EventType "swiss"]
[EventCountry "GER"]
[SourceTitle "playchess.com"]
[Source "ChessBase"]
[SourceQuality "1"]

{[%evp 13,98,13,30,27,20,-7,17,-16,24,0,0,0,4,-17,0,0,0,-10,0,-12,0,-57,-54,-60,-70,-72,-72,-72,-72,-75,-72,-73,-66,-71,-53,-56,-46,-51,-48,-65,-42,-71,-71,-71,-71,-64,-57,-64,-61,-76,-60,-92,-71,-71,-49,-73,-49,-49,-49,-50,-45,-54,-33,-33,-33,-33,-33,-35,-18,-30,-21,-30,-21,-33,-21,-33,-21,-33,-9,-33,-33,-33,-33,-33,-9,-33,-9]} 1. e4 c6 2. d4 d5 3. Nc3 dxe4 4. Nxe4 Nf6 5. Nxf6+ exf6 6. Bc4 Bd6 7. Qe2+ Be7 {LiveBook: 19 Games} 8. Be3 {B15: Caro-Kann: 3 Nc3: 3...g6 and 3...dxe4 4 Nxe4 Nf6 5 Nxf6+ exf6} (8. c3 {feels hotter.} O-O 9. Be3 Na6 10. Qc2 g6 11. Bd3) (8. Nf3 O-O 9. O-O Bg4 10. Be3 Nd7 11. h3 Bh5 12. g4 Bg6 13. Bb3 a5 14. a4 Nb6 15. c4 Bb4 16. Rad1 Re8 17. Nh4 {½-½ (52) Campora,D (2426)-Spraggett,K (2535) Lisbon 2018}) 8... O-O 9. h3 Nd7 {[%cal Bb8d7,Bd7b6,Bb6d5,Bd5e3][%mdl 32]} 10. Nf3 {The position is equal.} Bd6 $146 ({Predecessor:} 10... Re8 11. O-O Nf8 12. Rad1 Bd6 13. Qd2 b5 14. Bb3 Qc7 15. a4 a6 {½-½ (56) Vanczak,A (2229)-Szarvas,P (2169) Hungary 2015}) 11. O-O Nb6 12. Bb3 Nd5 13. Rfe1 Nxe3 14. Qxe3 Bf5 15. Nh4 Bd7 16. Rad1 Qa5 17. d5 ({White should play} 17. Nf3 $11) 17... Rae8 $36 {[%mdl 2048] Black is more active.} 18. Qc1 $1 {[#]} Bf4 $1 {[%mdl 512]} 19. Qb1 (19. Qxf4 Rxe1+) 19... Rxe1+ 20. Rxe1 cxd5 21. c3 g6 22. Qd3 Bc6 23. Nf3 Qc5 (23... Bd6 {is interesting.} 24. Nd4 Kg7 25. Qd2 h5 26. a3 Qc5) 24. Qd4 Qxd4 25. Nxd4 Be5 26. g3 Rd8 27. Kg2 Bxd4 28. cxd4 $17 {[%mdl 4096] Endgame KRB-KRB} Kf8 29. Kf3 Re8 30. Re3 Re6 31. Ke2 Ke7 32. Kf3 Kd6 33. Bc2 h6 34. Bd3 Bd7 {...Rxe3+ is the strong threat.} 35. Rxe6+ Bxe6 $15 {KB-KB} 36. g4 Ke7 37. Kf4 Kf8 38. Kg3 Kg7 39. f4 Bd7 40. b3 a6 {[%cal Ba7a6,Ba6a5][%mdl 32]} 41. f5 Be8 42. Kf3 Kf8 43. Ke3 Ke7 44. Kd2 a5 45. a3 b6 46. Ke3 Kf8 47. Kf3 Kg7 48. Kf4 Bd7 49. Kf3 g5 {Precision: White = 39%, Black = 33%.} 1/2-1/2

[Event "22nd OIBM 2018"]
[Site "Gmund am Tegernsee"]
[Date "2018.10.29"]
[Round "3"]
[White "Ries, Berthold"]
[Black "Jovi, Klaus"]
[Result "0-1"]
[WhiteElo "1862"]
[BlackElo "1512"]
[Annotator "NA"]
[PlyCount "54"]
[EventDate "2018.10.27"]
[EventType "swiss"]
[EventCountry "GER"]
[SourceTitle "playchess.com"]
[Source "ChessBase"]
[SourceQuality "1"]
[TimeControl "40/5400+30:1800+30"]

1. e4 {[%emt 0:00:00]} e6 {[%emt 0:00:00]} 2. d4 {[%emt 0:00:00]} d5 {[%emt 0:00:00]} 3. Nd2 {[%emt 0:00:00]} Nf6 {[%emt 0:00:29]} 4. e5 {[%emt 0:00:08]} Nfd7 {[%emt 0:00:19]} 5. Bd3 {[%emt 0:00:18]} c5 {[%emt 0:00:23]} 6. c3 {[%emt 0:00:08]} Nc6 {[%emt 0:00:34]} 7. Ne2 {[%emt 0:00:10]} cxd4 {[%emt 0:00:45]} 8. cxd4 {[%emt 0:00:11]} f6 {[%emt 0:01:25]} 9. exf6 {[%emt 0:00:12]} Nxf6 {[%emt 0:00:19]} 10. O-O {[%emt 0:00:41]} Bd6 {[%emt 0:01:04]} 11. Nf3 {[%emt 0:00:28]} O-O {[%emt 0:00:54]} 12. Bf4 {[%emt 0:01:23]} h6 {[%emt 0:03:11]} 13. Rc1 {[%emt 0:09:58]} Bxf4 {[%emt 0:04:51]} 14. Nxf4 {[%emt 0:00:15]} Qb6 {[%emt 0:03:30]} 15. Ng6 {[%emt 0:05:19]} Re8 {[%emt 0:03:55]} 16. Nge5 {[%emt 0:03:46]} Re7 {[%emt 0:06:49]} 17. b3 {[%emt 0:13:40]} Bd7 {[%emt 0:01:20]} 18. Re1 {[%emt 0:00:29]} Be8 {[%emt 0:01:20]} 19. Bb1 {[%emt 0:01:01]} Bh5 {[%emt 0:02:15]} 20. h3 {[%emt 0:09:28]} Nxe5 {[%emt 0:07:26]} 21. dxe5 {[%emt 0:06:27]} Bxf3 {[%emt 0:06:02]} 22. Qxf3 {[%emt 0:00:18]} Ne4 {[%emt 0:02:19]} 23. Bxe4 {[%emt 0:00:32]} dxe4 {[%emt 0:00:41]} 24. Rxe4 {[%emt 0:05:00]} Rf8 {[%emt 0:03:02]} 25. Rf4 {[%emt 0:00:27]} Rxf4 {[%emt 0:01:53]} 26. Qxf4 {[%emt 0:00:26]} Rf7 {[%emt 0:00:08]} 27. Rc8+ {[%emt 0:00:09]} Rf8 {[%emt 0:03:46]} 0-1

[Event "22nd OIBM 2018"]
[Site "Gmund am Tegernsee"]
[Date "2018.10.30"]
[Round "4"]
[White "Nisipeanu, Liviu-Dieter"]
[Black "Hoffmann, Michael"]
[Result "1-0"]
[WhiteElo "2667"]
[BlackElo "2441"]
[Annotator "TA"]
[PlyCount "89"]
[EventDate "2018.10.27"]
[EventType "swiss"]
[EventCountry "GER"]
[SourceTitle "playchess.com"]
[Source "ChessBase"]
[SourceQuality "1"]

{[%evp 19,89,0,0,-3,0,0,0,0,0,-22,-15,-28,-10,-84,-7,-14,0,0,0,-5,-5,-31,-24,-24,82,28,45,27,145,130,135,100,125,27,173,158,178,185,202,134,145,145,148,142,131,136,120,111,111,95,111,111,158,111,180,147,176,179,172,193,260,263,245,223,212,201,447,426,468,433,468,359]} 1. e4 c5 2. Nf3 d6 3. d4 cxd4 4. Nxd4 Nf6 5. Nc3 a6 6. Be3 Ng4 7. Bg5 h6 8. Bc1 {B90: Sizilianisch (Najdorf-Variante, Abweichungen)} Nf6 9. Bc4 (9. Bd3 Nc6 10. Nxc6 bxc6 11. O-O e6 12. Na4 d5 13. Qe2 Be7 14. c4 Bb7 15. e5 Nd7 {0-1 (45) Grischuk,A (2766)-Duda,J (2737) chess.com INT 2018}) 9... e6 10. Bb3 Nbd7 {LiveBook: 7 Partien} 11. f4 Nc5 12. e5 Nfd7 13. Be3 $146 ({Vorgänger:} 13. exd6 Bxd6 14. Be3 Nf6 15. Qf3 Bd7 {0-1 (46) Geissler,W (2156)-Bergmann,M (2202) GER email 2003}) 13... dxe5 14. fxe5 Nxe5 15. Qh5 Qc7 16. O-O {Droht stark Lf4.} g6 ({Lieber} 16... Bd6 $17 17. Rad1 Bd7) 17. Qe2 $11 Bd7 18. Bf4 Bd6 19. Rae1 {[%cal Rf4e5]} f6 20. Ne4 Nxe4 21. Qxe4 Ke7 (21... O-O-O $1 $11) 22. Bxe5 (22. Bg3 $16) 22... Bxe5 23. Nf3 {[%cal Rf3e5]} Rag8 (23... Bc6 $11 24. Qb4+ Qd6 25. Qxd6+ Kxd6) 24. Nxe5 $16 fxe5 25. Qb4+ Ke8 26. Rf6 (26. Rf3 $1 $16) 26... a5 (26... Rf8 $1 $11 27. Ref1 (27. Rxg6 Rf4 $14) 27... Rxf6 28. Rxf6 a5) 27. Qe4 $18 {Und Td1 würde nun gewinnen.} Ke7 28. Ref1 {Tf7+ ist eine echte Drohung.} ({Keinesfalls} 28. Rxg6 $6 Qb6+ 29. Kh1 Qd4 $16) 28... Rg7 29. Rxg6 Qc5+ 30. Kh1 Rxg6 31. Qxg6 Rf8 {[%cal Rf8f1]} 32. Qg7+ $40 {[%mdl 128] Weiss will per K.O. gewinnen.} Ke8 {[%cal Rf8f1]} 33. Rxf8+ Qxf8 34. Qxf8+ Kxf8 $16 {[%mdl 4096] Endspiel KL-KL} 35. Kg1 Ke7 36. Kf2 Bc6 (36... a4 $16) 37. c3 {[%cal Bc2c3,Bc3c4][%mdl 32]} Bd5 38. c4 $1 {[%cal Rc4d5]} Be4 {[#]} 39. g4 $1 b6 (39... Kd6 $142 40. Ke3 Bb1) 40. Ke3 $18 Bb1 41. a3 {[%cal Ba2a3,Ba3b4][%mdl 32]} Kd6 {[#]} 42. Bd1 $1 Bg6 $2 (42... Kc5) 43. b4 {Weiß steht klar auf Gewinn.} axb4 44. axb4 Ke7 45. Bf3 {Precision: Weiß = 63%, Schwarz = 34%.} 1-0

[Event "22nd OIBM 2018"]
[Site "Gmund am Tegernsee"]
[Date "2018.10.30"]
[Round "4"]
[White "Kovalenko, Igor"]
[Black "Zajogin, Alexander"]
[Result "1-0"]
[WhiteElo "2646"]
[BlackElo "2408"]
[Annotator "TA"]
[PlyCount "69"]
[EventDate "2018.10.27"]
[EventType "swiss"]
[EventCountry "GER"]
[SourceTitle "playchess.com"]
[Source "ChessBase"]
[SourceQuality "1"]

{[%evp 25,68,67,47,0,144,135,131,108,95,118,127,117,129,45,91,83,82,66,296,279,593,550,1122,372,995,1111,1086,1085,1072,1047,1154,1117,29992,1547,29993,29994,29995,29996,29996,1439,29997,29998,29998,29999,29999]} 1. d4 Nf6 2. Nf3 e6 3. e3 b6 4. Bd3 Bb7 5. O-O c5 6. c4 Be7 7. Nc3 cxd4 8. exd4 d5 9. cxd5 Nxd5 10. Ne5 O-O 11. Qg4 Nxc3 {E14: Queen's Indian: Classical Variation (4 e3)} (11... f5 12. Qe2 Bf6 13. Bc4 Re8 14. Rd1 Nd7 15. Bb5 Bxe5 16. dxe5 Qe7 17. Nxd5 Bxd5 18. Qh5 g6 19. Qh6 {1-0 (36) Kramnik,V (2777)-Topalov,V (2813) Skopje 2015 CBM 169 [Kramnik,V]}) 12. bxc3 Nd7 13. Bh6 Bf6 {LiveBook: 5 Games. White is slightly better.} 14. f4 $146 {And now f5 would win.} ({Predecessor:} 14. Rad1 Qe7 15. Rfe1 Rfd8 16. h4 Rac8 17. c4 Kh8 {1-0 (42) Yegiazarian,A (2428)-Simantsev,M (2479) Perm 2014}) 14... Re8 (14... Rc8 $1 $11 {remains equal.}) 15. Rae1 {[%cal Ba1e1,Be1e3,Be3h3][%mdl 32]} Nf8 16. Re3 {Strongly threatening Bxh7+!} Re7 17. Bg5 $40 {[%mdl 128] Hoping for Bxf6. White is out for blood.} Rc7 18. Rh3 g6 19. Qh4 ({Better is} 19. Bxf6 $16 Qxf6 20. f5 exf5 21. Rxf5) 19... Qd5 {[%csl Gb7][%cal Rd5g2]} 20. Rg3 $1 Bg7 21. Ng4 $1 {[%cal Rg4f6] aiming for Nf6+.} Nd7 $2 (21... f5 $14 22. Nf6+ Bxf6 23. Bxf6 Qxa2) 22. Ne3 $18 Qxa2 $2 {[#]} (22... Qa5) 23. f5 $1 {[%mdl 512]} Rxc3 (23... exf5 24. Nxf5) 24. Bb1 $2 (24. fxg6 fxg6 25. Bxg6 $1 {[%mdl 512]} hxg6 26. Bh6) 24... Qb2 $2 (24... Qe2) 25. fxg6 hxg6 {[#]} 26. Bxg6 $1 {[%mdl 512]} fxg6 27. Rh3 {[%csl Gh3][%cal Rh4h7]} Nf8 {[#]} 28. Qf4 $1 {[%csl Gf1][%cal Rf4f7]} Nh7 29. Qf7+ Kh8 30. Bf6 {[%csl Gf7][%cal Rf6g7]} Rg8 31. Bxg7+ Rxg7 32. Qf8+ Rg8 {[#]} 33. Rxh7+ $1 {[%mdl 512] White mates.} Kxh7 34. Rf7+ Kh8 35. Qh6# {Precision: White = 75%, Black = 29%.} 1-0

[Event "22nd OIBM 2018"]
[Site "Gmund am Tegernsee"]
[Date "2018.10.30"]
[Round "4"]
[White "Hovhannisyan, Robert"]
[Black "Repka, Christopher"]
[Result "1-0"]
[WhiteElo "2621"]
[BlackElo "2494"]
[Annotator "TA"]
[PlyCount "103"]
[EventDate "2018.10.27"]
[EventType "swiss"]
[EventCountry "GER"]
[SourceTitle "playchess.com"]
[Source "ChessBase"]
[SourceQuality "1"]

{[%evp 23,103,54,57,47,43,38,44,30,52,45,33,6,16,7,22,16,22,19,18,39,78,78,78,71,65,72,85,82,84,81,70,75,59,52,92,79,102,71,72,77,82,74,73,75,128,120,121,49,106,96,137,104,176,176,176,176,410,405,911,814,706,452,434,418,886,886,670,449,5451,5384,29948,29950,29980,29980,29984,29985,29986,29987,29988,29989,29989,0]} 1. e4 e5 2. Nf3 Nc6 3. Bb5 a6 4. Ba4 Nf6 5. O-O b5 6. Bb3 Be7 7. d4 d6 8. dxe5 Nxe5 {C84: Closed Ruy Lopez: Unusual White 6th moves} 9. Nxe5 dxe5 10. Qxd8+ Bxd8 11. a4 Bb7 12. axb5 (12. f3 O-O 13. Be3 Be7 14. Nc3 b4 15. Nd1 Nd7 16. Bf2 {0-1 (66) Van Foreest,J (2636)-Antonio,V (2414) Vlissingen 2018}) 12... axb5 {LiveBook: 5 Games} 13. Rxa8 Bxa8 14. Nc3 O-O 15. Nxb5 $146 ({Predecessor:} 15. f3 c6 16. Be3 {½-½ (30) Cerbulenco,L (2273)-Gorbanovsky,O (2377) Kishinev 2015}) 15... Nxe4 16. Be3 Bc6 17. Na7 Bb7 18. Ra1 Be7 19. Nb5 $36 {[%mdl 2048] White is pushing.} c6 $1 {[%cal Rc6b5]} 20. Na3 Ra8 21. Rd1 Rd8 22. Rxd8+ Bxd8 23. Nc4 Bc7 24. f3 Nf6 25. Bc5 Ba6 26. Nd6 Nd7 27. Ba3 $1 Bxd6 28. Bxd6 $16 {[%mdl 4096] Endgame KBB-KBN} c5 29. Kf2 Bb5 30. Ke3 c4 31. Ba2 f6 32. b3 Nb6 33. Kd2 cxb3 (33... Kf7 $142) 34. Bxb3+ Bc4 35. Kc3 (35. Bc5 $16 Bxb3 36. cxb3) 35... Bxb3 (35... Bf7 $1 $14) 36. cxb3 $14 {KB-KN} ({Reject} 36. Kxb3 Kf7 $11) 36... Kf7 {[#]} 37. Bc5 $1 {[%cal Rc5b6]} Nd7 (37... Na8 $16 {might work better.}) 38. Kc4 $18 Ke6 39. b4 {[%cal Bb3b4,Bb4b5,Bb5b6,Bb6b7][%mdl 32]} g5 $2 (39... f5 40. Bf2 Kd6) 40. b5 e4 (40... h5 $142 41. b6 Nb8) 41. fxe4 Ke5 42. b6 Kxe4 43. b7 f5 (43... h5 $142 44. Bd6 f5) 44. Kc3 f4 45. Kd2 g4 (45... f3 $142 46. gxf3+ Kxf3) 46. Ba7 g3 47. hxg3 {White mates.} f3 48. gxf3+ Kxf3 49. Kd3 Kxg3 50. Ke4 h5 51. Kd5 h4 52. Ke4 $2 {[%mdl 32768] Precision: White = 76%, Black = 31%. . Sensor Board Error (Ke4/e5)?} (52. Kd6 {mates} Kh3 53. Kxd7 Kg3 54. b8=Q+ Kf3 55. Qb3+ Kg4 56. Qc4+ Kf3 57. Ke6) 1-0

[Event "22nd OIBM 2018"]
[Site "Gmund am Tegernsee"]
[Date "2018.10.30"]
[Round "4"]
[White "Banusz, Tamas"]
[Black "Sanal, Vahap"]
[Result "0-1"]
[WhiteElo "2606"]
[BlackElo "2487"]
[Annotator "TA"]
[PlyCount "138"]
[EventDate "2018.10.27"]
[EventType "swiss"]
[EventCountry "GER"]
[SourceTitle "playchess.com"]
[Source "ChessBase"]
[SourceQuality "1"]

{[%evp 22,138,10,11,10,16,11,8,15,18,14,0,0,0,0,0,0,0,31,0,0,0,0,0,7,-14,-10,-22,0,-29,-22,-33,-21,-79,-47,-69,-50,-52,0,-3,-3,0,0,-16,-7,-39,-33,-32,-34,-33,-18,-23,-20,-35,-17,-37,-32,-104,-104,-93,-65,-85,-104,-86,-41,-132,-132,-132,-132,-154,-154,-220,-220,-218,-212,-212,-210,-210,-152,-212,-212,-212,-212,-3476,-3476,-3476,-3476,-29947,-29957,-29956,-29955,-1878,-218,-218,-218,-218,-218,-218,-218,-29963,-29964,-29964,-29965,-29966,-29966,-29967,-29967,-29967,-29968,-29968,-29969,-29969,-29970,-29970,-29971,-29970,-29970,-29970,-29969]} 1. d4 Nf6 2. Nf3 d5 3. g3 e6 4. Bg2 Be7 5. c4 O-O 6. O-O dxc4 7. Qc2 a6 8. a4 Bd7 9. Qxc4 Bc6 10. Bf4 Bd6 {E05: Open Catalan: 5 Nf3 Be7} (10... Nbd7 11. Qc2 Bd6 12. Bg5 h6 13. Bxf6 Nxf6 14. Nbd2 Bb4 15. e3 a5 16. Rfd1 Rc8 17. Rac1 Bxf3 18. Bxf3 c6 {½-½ (42) Ding,L (2804)-Giri,A (2780) Batumi 2018}) 11. Qc1 a5 12. Nc3 {LiveBook: 28 Games} Nbd7 {The position is equal.} 13. Re1 Bxf4 14. Qxf4 Bxf3 15. Bxf3 c6 16. Rad1 $146 ({Predecessor:} 16. e4 Qb6 17. e5 Nd5 18. Qd2 {½-½ (56) Armani,G (2291)-Atuan,J (2235) ICCF email 2016}) 16... Qe7 17. Qd2 Rfd8 18. Qc2 g6 19. Bg2 e5 20. e3 Nb6 21. dxe5 Qxe5 22. Qb3 Qc7 23. e4 (23. h4 {looks sharper.} Nbd7 24. Qa3 h5 25. Rd6 Kg7 26. Red1) 23... Rxd1 24. Rxd1 Re8 25. h3 Nfd7 26. Qc2 Nc5 27. Rb1 (27. Kh2 $11) 27... Qe7 28. b4 axb4 29. Rxb4 Ncxa4 30. Rxa4 Nxa4 31. Nxa4 Qb4 32. Nb2 Ra8 {Strongly threatening ...Ra1+.} 33. Nc4 Ra1+ 34. Bf1 Qb1 $36 {[%mdl 2048] Black is more active.} 35. Qe2 $1 Qd1 36. Qxd1 Rxd1 37. Kg2 Kf8 {[%mdl 1024] Black has compensation.} 38. Be2 Rc1 39. f4 (39. Ne3 $15) 39... b5 $1 $17 {[%cal Rb5c4]} 40. Na5 Rc2 41. Kf3 Rc3+ 42. Kf2 f6 43. Nxc6 ({Better is} 43. h4 $1 $15) 43... Rxc6 44. Bxb5 $15 {[%mdl 4096] Endgame KR-KB} Rc3 45. Ba6 Ke7 46. Bb7 (46. h4 $17 {was worth a try.}) 46... g5 $19 47. Kg2 Kd6 48. h4 gxf4 49. gxf4 Kc5 {White must now prevent ...Kd4.} 50. Bc8 (50. e5 $17) 50... Kd4 51. Bf5 h6 $1 52. e5 $2 (52. Bg6) 52... fxe5 53. fxe5 Kxe5 54. Bg6 Kf4 55. h5 Rb3 56. Kf2 Rb2+ $2 (56... Re3 57. Bf5 Re5) 57. Ke1 Ke3 58. Kd1 Rd2+ 59. Kc1 Ke2 60. Be8 $2 {[#]} (60. Be4 $19) 60... Kd3 $1 {[%cal Rd3c3] Black mates.} 61. Bg6+ {[#]} Kc3 $1 62. Kb1 Rd1+ 63. Ka2 Rf1 64. Be8 Rf8 65. Bg6 Rb8 66. Bf7 Kd4 67. Ka3 Ke5 68. Ka4 Kf6 69. Bg6 Kg5 {Precision: White = 42%, Black = 70%.} 0-1